| 000 | 00578nam a2200205 u 4500 | ||
|---|---|---|---|
| 005 | 20260221063952.0 | ||
| 008 | 071130s2004 es r 000 0 spa d | ||
| 020 | _a8428818541 | ||
| 035 | _aUPN01000153771 | ||
| 049 | _aCG | ||
| 050 | 4 |
_aLB41 _bR6.2 |
|
| 100 | 1 | _aRozalén Medina, José Luis | |
| 245 | 1 | 3 |
_aLa apasionante aventura de la educación / _cJosé Luis Rozalén Medina. |
| 260 |
_aMadrid : _bPPC, _c2004. |
||
| 300 | _a207 p. | ||
| 440 | 0 | _aEducar | |
| 650 | 4 |
_aEducación _xFilosofía _94994 |
|
| 650 | 4 |
_aEducación _xFines y objetivos _94837 |
|
| 905 | _aLibro | ||
| 999 |
_c125892 _d125892 |
||